Nepal's relations with India and China: documents 1947-1992 (Record no. 1765)

MARC details
000 -LEADER
fixed length control field 00549nam a2200181Ia 4500
020 ## - INTERNATIONAL STANDARD BOOK NUMBER
ISBN 81-86225-08-0
082 ## - DEWEY DECIMAL CLASSIFICATION NUMBER
Classification number RR 327.5496054 NEP-
245 #0 - TITLE STATEMENT
Title Nepal's relations with India and China: documents 1947-1992
260 ## - PUBLICATION, DISTRIBUTION, ETC. (IMPRINT)
Place of publication Delhi
Name of publisher Siba Exim
Year of publication 1994
300 ## - PHYSICAL DESCRIPTION
Number of Pages 2v.
500 ## - GENERAL NOTE
General note Contents: Vol.1.(lxxxix, 730p.).-v.2.(lvi, 733-1428p.)
504 ## - BIBLIOGRAPHY, ETC. NOTE
Bibliography, etc Includes index
650 ## - SUBJECT ADDED ENTRY--TOPICAL TERM
Topical Term India
Form subdivision Politics and government
650 ## - SUBJECT ADDED ENTRY--TOPICAL TERM
Topical Term Nepal
Form subdivision Commerce
-- China
650 ## - SUBJECT ADDED ENTRY--TOPICAL TERM
Topical Term Nepal
Form subdivision Politics and government
700 ## - ADDED ENTRY--PERSONAL NAME
Personal name Bhasin, Avtar Singh
942 ## - ADDED ENTRY ELEMENTS (KOHA)
Koha item type Books
Source of classification or shelving scheme Dewey Decimal Classification
Holdings
Withdrawn status Lost status Damaged status Not for loan Home library Current library Date acquired Serial Enumeration / chronology Bill Date Full call number Accession Number Price effective from Koha item type Collection code
        NASSDOC Library NASSDOC Library 08/06/2004 V.1 2008-12-30 RR 327.5496054 NEP- 34093 18/04/2019 Books  
        NASSDOC Library NASSDOC Library 08/06/2004 V.2 2008-12-30 RR 327.5496054 NEP- 34094 18/04/2019 Books  
        NASSDOC Library NASSDOC Library 01/02/2019 V.1 2018-10-09 RR 327.5496054 NEP- D000008 18/04/2019 Books Docas Books
        NASSDOC Library NASSDOC Library 01/02/2019 V.2 2018-10-09 RR 327.5496054 NEP- D000009 18/04/2019 Books Docas Books